MARC

LEADER 00000nam0a2200000 4500
001 250153
005 20231101232534.0
020 |a RU  |b 88-69640 
035 |a (RuTPU)RU\TPU\book\272328 
090 |a 250153 
100 |a 20140211d1988 k a0rusy5003 ca 
101 0 |a rus 
102 |a RU 
105 |a a z 001zy 
200 1 |a Колебания и волны в жидкости  |e межвузовский сборник научных трудов  |f Горьковский политехнический ин-т им. А. А. Жданова ; под ред. Н. С. Петрухина 
210 |a Горький  |c Изд-во Горьковского политехн. ин-та  |d 1988 
215 |a 117 с.  |c ил. 
320 |a Библиогр. в конце ст. 
606 1 |a Жидкости  |x Колебания  |2 stltpush  |3 (RuTPU)RU\TPU\subj\10892  |9 37900 
610 1 |a волны 
610 1 |a волновые процессы 
610 1 |a линейные колебания 
610 1 |a волновые системы 
610 1 |a идеальные жидкости 
610 1 |a динамика 
610 1 |a интегрирование 
675 |a 532.59  |z rus 
702 1 |a Петрухин  |b Н. С.  |4 340 
712 0 2 |a Горьковский политехнический ин-т им. А. А. Жданова 
801 0 |a RU  |b RuMRKP  |c 19950417  |g psbo 
801 1 |a RU  |b 63413507  |c 20140211 
801 2 |a RU  |b 63413507  |c 20140224  |g RCR 
942 |c BK